The rights of conscience inalienable, and therefore religious opinions not cognizable by law: or The high-flying church-man, stript of his legal robe, appears a Yaho /

Bibliographic Details
Main Author: Leland, John, 1754-1841
Format: eBook
Language:English
Edition:Second edition, for John Asplund.
Series:Early American imprints. Evans (1639-1800) ; no. 25717.
Subjects:
Online Access:Evans Digital Edition

MARC

Tag First Indicator Second Indicator Subfields
LEADER 00000cam a2200000 a 4500
001 in00002139193
006 m e d #
007 cr mn mmmmabba
008 820512s1793 vau s 000 0 eng d
005 20260330200333.1
035 |z w011279 
035 |a MAAR8205123602B 
035 |9 mwa91-6370 
035 |a 339488 
035 |a aas03011279 
040 |a MWA  |c MWA  |e bdrb  |d UtOrBLW 
100 1 |a Leland, John,  |d 1754-1841. 
245 1 4 |a The rights of conscience inalienable, and therefore religious opinions not cognizable by law: or The high-flying church-man, stript of his legal robe, appears a Yaho /  |c By John Leland. ; [One line from Elihu]. 
250 |a Second edition, for John Asplund. 
264 3 |a Richmond,--Virginia :  |b Printed by T. Nicolson,  |c 1793. 
300 |a 15 pages, 1 unnumbered page ;  |c 18 cm. (octavo) 
336 |a text  |b txt  |2 rdacontent 
337 |a computer  |b c  |2 rdamedia 
338 |a online resource  |b cr  |2 rdacarrier 
510 4 |a Evans  |c 25717 
530 |a Microform version available in the Readex Early American Imprints series. 
533 |a Electronic text and image data.  |b [Chester, Vt. :  |c Readex, a division of Newsbank, Inc.,  |d 2002-2004.  |e Includes files in TIFF, GIF and PDF formats with inclusion of keyword searchable text.  |f (Early American imprints. First series ; no. 25717). 
500 |a Electronic resource. 
650 0 |a Liberty of conscience. 
650 0 |a Church and state. 
650 0 |a Freedom of religion. 
740 0 |a Rights of conscience inalienable. 
752 |a United States  |b Virginia  |d Richmond. 
830 0 |a Early American imprints.  |n Series I,  |p Evans (1639-1800) ;  |v no. 25717. 
856 4 1 |u http://proxy.library.tamu.edu/login?url=https://opac.newsbank.com/select/evans/25717  |y Evans Digital Edition  |t 0 
999 |a MARS 
999 f f |s 2f2e1d03-cda8-35a3-a4ec-8240f06c52ea  |i 0a6dbf3a-ccf5-3fdf-b36e-0d9315441e67  |t 0 
952 f f |a Texas A&M University  |b College Station  |c Electronic Resources  |s www_evans  |d Available Online  |t 0  |h No information provided 
998 f f |t 0  |l Available Online